Engineering Drawing (Record no. 343934)

MARC details
000 -LEADER
fixed length control field 00465nam a2200169Ia 4500
008 - FIXED-LENGTH DATA ELEMENTS--GENERAL INFORMATION
fixed length control field 230718s9999 xx 000 0 und d
020 ## - INTERNATIONAL STANDARD BOOK NUMBER
International Standard Book Number 9780199455393
041 ## - LANGUAGE CODE
Language code of text/sound track or separate title eng
082 ## - DEWEY DECIMAL CLASSIFICATION NUMBER
Classification number 604.2
Item number PAR
100 ## - MAIN ENTRY--PERSONAL NAME
Personal name Parthasarathy N.S.
245 ## - TITLE STATEMENT
Title Engineering Drawing
260 ## - PUBLICATION, DISTRIBUTION, ETC. (IMPRINT)
Date of publication, distribution, etc. 2016
Name of publisher, distributor, etc. Oxford University Press
300 ## - PHYSICAL DESCRIPTION
Extent 692
365 ## - TRADE PRICE
Currency code Rs.
Price amount 499.00
700 ## - ADDED ENTRY--PERSONAL NAME
Personal name Parthasarathy N.S. & Murali V.
906 ## - LOCAL DATA ELEMENT F, LDF (RLIN)
d O:0367805-Jan-2017B:517503-Jan-2017
c BSH
b 1397.2
Holdings
Withdrawn status Lost status Damaged status Not for loan Home library Current library Date acquired Vendor Budget Code Cost, normal purchase price Bill number Total Checkouts Full call number Barcode Date last seen Date last checked out Discount Cost, replacement price Bill Date Koha item type Original Barcode
        Cummins College of Engineering for Women Pune Cummins College of Engineering for Women Pune 09/01/2017 Om Book Stall BSH 359.28 5175 1 604.2 CCEP-BK-55141 10/01/2025 08/01/2025 1397.2 499.00 03/01/2017 Books 055141